[Event "RM-2014-0-00144"]
[Site "LSS email"]
[Date "2014.08.01"]
[Round "?"]
[White "Baum, Hans Juergen"]
[Black "Szabo, Mihaly"]
[Result "1/2-1/2"]
[WhiteElo "2250"]
[BlackElo "2254"]
[PlyCount "49"]
[EventDate "2014.06.30"]
[EventType "tourn (corr)"]
[EventRounds "6"]
[EventCountry "GER"]
[SourceTitle "Corr 2015"]
[Source "ChessBase"]
[SourceDate "2015.07.17"]
[SourceVersion "1"]
[SourceVersionDate "2015.07.17"]
[SourceQuality "1"]

1. e4 e5 2. Nf3 Nc6 3. Bb5 a6 4. Ba4 Nf6 5. 0-0 Bc5 6. c3 0-0 7. d4 Ba7 8. dxe5 Nxe4 9. Qd5 Nc5 10. Bc2 Ne7 11. Qd4 d5 12. exd6 cxd6 13. b4 Ne6 14. Qd3 g6 15. c4 Nc6 16. Bb2 Ne5 17. Nxe5 dxe5 18. c5 Nd4 19. Nd2 Bf5 20. Ne4 b6 21. Bxd4 exd4 22. Qd2 bxc5 23. bxc5 d3 24. Qxd3 Bxc5 25. Qxd8 1/2-1/2

[Event "IECC CL1-2011.02 email"]
[Site "IECC email"]
[Date "2011.03.12"]
[Round "?"]
[White "Taner, Harun"]
[Black "Baum, Hans Juergen"]
[Result "1/2-1/2"]
[WhiteElo "2208"]
[BlackElo "2402"]
[PlyCount "41"]
[EventDate "2011.??.??"]
[EventType "tourn (corr)"]
[EventRounds "4"]
[SourceTitle "Telechess CBM 145"]
[Source "Chessbase"]
[SourceDate "2011.11.11"]
[SourceVersion "1"]
[SourceVersionDate "2011.11.11"]
[SourceQuality "1"]
[WhiteTeam "Turkey"]
[BlackTeam "Germany"]
[WhiteTeamCountry "TUR"]
[BlackTeamCountry "GER"]

1. e4 c5 2. f4 d5 3. exd5 Nf6 4. Bb5+ Nbd7 5. c4 a6 6. Bxd7+ Bxd7 7. Qe2 g6 8. Nf3 Bg7 9. 0-0 0-0 10. d3 e6 11. d6 Bc6 12. Bd2 Qxd6 13. Bc3 Rfd8 14. Ne5 b5 15. Nxc6 Qxc6 16. Nd2 Qd7 17. Rf3 Rac8 18. Nb3 Qc6 19. Re1 Rd7 20. Be5 Rcd8 21. Rc1 1/2-1/2

[Event "IECC CL1-2011.01 email"]
[Site "IECC email"]
[Date "2011.02.19"]
[Round "?"]
[White "Baum, Hans Juergen"]
[Black "Taner, Harun"]
[Result "1-0"]
[WhiteElo "2390"]
[BlackElo "2209"]
[PlyCount "47"]
[EventDate "2011.??.??"]
[EventType "tourn (corr)"]
[EventRounds "4"]
[SourceTitle "Telechess CBM 145"]
[Source "Chessbase"]
[SourceDate "2011.11.11"]
[SourceVersion "1"]
[SourceVersionDate "2011.11.11"]
[SourceQuality "1"]
[WhiteTeam "Germany"]
[BlackTeam "Turkey"]
[WhiteTeamCountry "GER"]
[BlackTeamCountry "TUR"]

1. d4 Nf6 2. c4 e6 3. Nc3 Bb4 4. f3 0-0 5. a3 Bxc3+ 6. bxc3 Ne8 7. e4 b6 8. Bd3 Ba6 9. a4 Nc6 10. Ba3 d6 11. f4 Na5 12. Qe2 c5 13. Nf3 Rc8 14. dxc5 Nb3 15. cxd6 Nxa1 16. e5 Qd7 17. 0-0 Nb3 18. Bxh7+ Kh8 19. f5 Bxc4 20. Qe4 Qd8 21. d7 Rc5 22. Qg4 g6 23. Qh3 Kg7 24. dxe8N+ 1-0

[Event "LSS WC-2012-T-00004"]
[Site "LSS email"]
[Date "2010.12.19"]
[Round "?"]
[White "Baum, Hans Juergen"]
[Black "Faber, Harald"]
[Result "1-0"]
[WhiteElo "2275"]
[BlackElo "2215"]
[PlyCount "68"]
[EventDate "2010.12.18"]
[EventType "tourn (corr)"]
[EventRounds "10"]
[EventCountry "GER"]
[SourceTitle "Telechess CBM 157"]
[Source "ChessBase"]
[SourceDate "2013.11.12"]
[SourceVersion "1"]
[SourceVersionDate "2013.11.12"]
[SourceQuality "1"]

1. e4 c5 2. Nf3 g6 3. d4 cxd4 4. Qxd4 Nf6 5. e5 Nc6 6. Qa4 Nd5 7. Qe4 Nb6 8. Bf4 d5 9. exd6 Bf5 10. Qe2 Nd5 11. Be5 f6 12. Bg3 e5 13. Nxe5 fxe5 14. Bxe5 Kf7 15. Bxh8 Qxd6 16. Qd1 Kg8 17. Bc4 Re8+ 18. Kf1 Be6 19. Bxd5 Bxd5 20. Nc3 Bc4+ 21. Kg1 Kxh8 22. Qxd6 Bxd6 23. Rd1 Be5 24. h4 Bxc3 25. bxc3 Bxa2 26. h5 Kg7 27. Rh4 Be6 28. Re1 Bf7 29. Rxe8 Bxe8 30. h6+ Kf8 31. Rf4+ Bf7 32. c4 Ke7 33. Kf1 Ne5 34. Re4 Kf6 1-0

[Event "LSS WC-2012-T-00004"]
[Site "LSS email"]
[Date "2010.12.19"]
[Round "?"]
[White "Ivanov, Alexandr Sergeevich"]
[Black "Baum, Hans Juergen"]
[Result "1/2-1/2"]
[WhiteElo "2321"]
[BlackElo "2275"]
[PlyCount "93"]
[EventDate "2010.12.18"]
[EventType "tourn (corr)"]
[EventRounds "10"]
[EventCountry "GER"]
[SourceTitle "Telechess CBM 157"]
[Source "ChessBase"]
[SourceDate "2013.11.12"]
[SourceVersion "1"]
[SourceVersionDate "2013.11.12"]
[SourceQuality "1"]

1. e4 e5 2. Nf3 Nc6 3. Bb5 a6 4. Ba4 Nf6 5. 0-0 Be7 6. Re1 b5 7. Bb3 0-0 8. c3 d5 9. exd5 Nxd5 10. Nxe5 Nxe5 11. Rxe5 c6 12. d4 Bd6 13. Re1 Qh4 14. g3 Qh3 15. Be3 Bg4 16. Qd3 Rae8 17. Nd2 Qh5 18. Bc2 f5 19. f3 Bh3 20. Bf2 Nf4 21. gxf4 Bxf4 22. Bb3+ Kh8 23. Bg3 Qg5 24. Nf1 h5 25. Qc2 h4 26. Qf2 Bxf1 27. Qxf1 hxg3 28. Qh3+ Qh6 29. Qxh6+ gxh6 30. hxg3 Bxg3 31. Re6 Rxe6 32. Bxe6 Re8 33. Bxf5 Re2 34. a4 Rxb2 35. axb5 axb5 36. Ra6 Bf4 37. Rxc6 b4 38. cxb4 Rxb4 39. d5 Rd4 40. Be4 Kg7 41. Rg6+ Kf7 42. Rg4 Be3+ 43. Kg2 Rd2+ 44. Kh3 Rd1 45. Rg2 Rd2 46. Rxd2 Bxd2 47. Bf5 1/2-1/2

[Event "LSS WC-2013-S-00011"]
[Site "LSS email"]
[Date "2010.07.20"]
[Round "?"]
[White "Baklanov, Valentin Petrovich"]
[Black "Baum, Hans Juergen"]
[Result "1-0"]
[WhiteElo "2367"]
[BlackElo "2275"]
[PlyCount "85"]
[EventDate "2010.07.25"]
[EventType "tourn (corr)"]
[EventRounds "10"]
[EventCountry "GER"]
[SourceTitle "Telechess CBM 157"]
[Source "ChessBase"]
[SourceDate "2013.11.12"]
[SourceVersion "1"]
[SourceVersionDate "2013.11.12"]
[SourceQuality "1"]

1. e4 c5 2. Nf3 d6 3. Bc4 Nf6 4. d3 Nc6 5. c3 g6 6. Bb3 Bg7 7. h3 0-0 8. 0-0 b5 9. Re1 a5 10. a4 b4 11. Qc2 Ba6 12. Be3 Nd7 13. Nbd2 Nce5 14. Nxe5 Nxe5 15. Nc4 Nxc4 16. Bxc4 Bxc4 17. dxc4 Rb8 18. Bd2 Qb6 19. Rab1 b3 20. Qd3 Rfe8 21. Ra1 Rb7 22. h4 Qc6 23. Qd5 Qa6 24. h5 e6 25. Qd3 Bf6 26. Bf4 Rd7 27. e5 Be7 28. hxg6 hxg6 29. Re3 Bf8 30. Rh3 Bg7 31. Rd1 Qc6 32. exd6 e5 33. Bg5 e4 34. Qg3 Qa6 35. Rd2 e3 36. Bxe3 Qxc4 37. Qh4 Qxh4 38. Rxh4 Rc8 39. Rd5 Rc6 40. Bxc5 Bxc3 41. Ba3 Bf6 42. Rh3 Rc1+ 43. Kh2 1-0

[Event "LSS WC-2011-T-00005"]
[Site "LSS email"]
[Date "2010.06.10"]
[Round "?"]
[White "Baum, Hans Juergen"]
[Black "Kireev, Sergey Ivanovich"]
[Result "1-0"]
[WhiteElo "2281"]
[BlackElo "2301"]
[PlyCount "65"]
[EventDate "2010.06.15"]
[EventType "tourn (corr)"]
[EventRounds "10"]
[EventCountry "GER"]
[SourceTitle "Telechess CBM 143"]
[Source "ChessBase"]
[SourceDate "2011.07.15"]
[SourceVersion "1"]
[SourceVersionDate "2011.07.15"]
[SourceQuality "1"]

1. d4 d5 2. Nf3 Nf6 3. c4 c6 4. Nc3 e6 5. Bg5 dxc4 6. e4 b5 7. e5 h6 8. Bh4 g5 9. Nxg5 hxg5 10. Bxg5 Nbd7 11. exf6 Bb7 12. g3 Qb6 13. Bg2 0-0-0 14. 0-0 Ne5 15. dxe5 Rxd1 16. Raxd1 c5 17. Bxb7+ Qxb7 18. Rfe1 Qa6 19. Bf4 Rg8 20. Ne4 Qa4 21. Rc1 Qb4 22. Kg2 Qxb2 23. Rb1 Qxa2 24. Rxb5 a6 25. Rbb1 Qc2 26. Rbc1 Qd3 27. Rc3 Qd5 28. f3 Kc7 29. Re2 a5 30. Ra2 Kb6 31. Rca3 c3 32. Nxc3 Qc4 33. Bd2 1-0

[Event "LSS WC-2011-T-00005"]
[Site "LSS email"]
[Date "2010.06.10"]
[Round "?"]
[White "Baum, Hans Juergen"]
[Black "Mueller, Klaus Detlef"]
[Result "0-1"]
[WhiteElo "2268"]
[BlackElo "2377"]
[PlyCount "78"]
[EventDate "2010.06.15"]
[EventType "tourn (corr)"]
[EventRounds "10"]
[EventCountry "GER"]
[SourceTitle "Telechess CBM 143"]
[Source "ChessBase"]
[SourceDate "2011.07.15"]
[SourceVersion "1"]
[SourceVersionDate "2011.07.15"]
[SourceQuality "1"]

1. d4 Nf6 2. c4 e6 3. Nc3 Bb4 4. f3 d5 5. a3 Bxc3+ 6. bxc3 c5 7. cxd5 exd5 8. e3 0-0 9. Bd3 b6 10. Ne2 Re8 11. 0-0 Ba6 12. Ng3 Bxd3 13. Qxd3 Nc6 14. Bb2 c4 15. Qd2 h5 16. Rae1 h4 17. Nh1 Re6 18. Nf2 Qe7 19. Re2 Re8 20. Rfe1 Nh5 21. e4 Na5 22. Nh3 Nb3 23. Qc2 f6 24. a4 g5 25. Bc1 Qh7 26. Be3 Qg6 27. Nf2 Kh7 28. Qd1 dxe4 29. Nxe4 g4 30. fxg4 Qxe4 31. gxh5 Qd3 32. Kf2 h3 33. g3 Qf5+ 34. Kg1 Qxh5 35. Qc2+ Kg8 36. d5 Re4 37. d6 Nc5 38. a5 bxa5 39. Qa2 a4 0-1